Scythians : warriors of ancient Siberia /

محفوظ في:

مؤلفون مشاركون: British Museum., Gosudarstvennyĭ Ėrmitazh (Russia)

مؤلفون آخرون: Simpson, St. John., Pankova, Svetlana (Curator)

التنسيق: كتاب

اللغة: English

منشور في: London : Thames & Husdon, [2017].

الموضوعات:

الوسوم: إضافة وسم

لا توجد وسوم, كن أول من يضع وسما على هذه التسجيلة!

رقم الطلب: DK34 .S4 S39 2017

LEADER 01118namaa2200301 4500
003 OSt
005 20260121123601.0
008 130303s2017 enka bc 001 0 eng d
020 |a 0500021287 
020 |a 9780500293645 
040 |c ARCE Library 
050 4 |a DK34 .S4 S39 2017 
245 0 0 |a Scythians :  |b warriors of ancient Siberia /  |c edited by St. John Simpson and Svetlana Pankova. 
264 1 |a London :  |b Thames & Husdon,  |c [2017]. 
300 |a 368 pages :  |b illustrations ;  |c 29 cm. 
500 |a At head of title : the BP exhibition. 
500 |a "Organized with the State Hermitage Museum, St. Petersburg, Russia." 
500 |a Catalog of an exhibition held at the British Museum, London, September 14, 2017 - January 14, 2018. 
504 |a Includes bibliographical references and index. 
650 0 |a Art, Scythian   |v Exhibitions. 
650 0 |a Scythians  |x History  |v Exhibitions. 
700 1 |a Simpson, St. John. 
700 1 |a Pankova, Svetlana   |c (Curator)  |9 37274 
710 2 |a British Museum. 
710 2 |a Gosudarstvennyĭ Ėrmitazh (Russia) 
901 |a reviewed 
942 |c BK  |2 lcc 
999 |c 9025  |d 9025